000
00278nam a22001217a 4500
082
_a
155.24
100
_a
Patti L. Harrison
245
_a
Adaptive Behavior Assessment system manual
250
_a
2nd ed
260
_a
Oakland
_b
Thomas WPS
_c
2003
300
_a
341p
942
_c
BK
999
_c
2649
_d
2649